| 000 | 00615nam a2200229Ia 4500 | ||
|---|---|---|---|
| 003 | OSt | ||
| 005 | 20230412162658.0 | ||
| 008 | 210423s2003 xx 000 0 und d | ||
| 020 | _a335208789 | ||
| 040 | _cAL | ||
| 041 | _aeng | ||
| 082 |
_a306 _223 _bSTEN |
||
| 100 |
_aSTEVENSON (Nick) _987377 |
||
| 245 | _aCultural citizenship: cosmopolitan questions | ||
| 260 |
_aNew Delhi _bOpen University Press _c2003 |
||
| 300 |
_axii,176 _bPB |
||
| 365 |
_b795 _cINR |
||
| 650 |
_aCulture _987378 |
||
| 650 |
_aSociology _987379 |
||
| 906 | _acitizenship: ; cosmopolitan ; Cultural ; questions | ||
| 942 |
_2ddc _cBK |
||
| 999 |
_c157298 _d157298 |
||